[Event "Oberliga Nord W 1617"]
[Site "Germany"]
[Date "2016.10.16"]
[Round "1.3"]
[White "Bogomolow, Sergej"]
[Black "Liebau, Andreas"]
[Result "1/2-1/2"]
[WhiteElo "2193"]
[BlackElo "2239"]
[PlyCount "35"]
[EventDate "2016.10.16"]
[EventType "team-tourn"]
[EventRounds "9"]
[EventCountry "GER"]
[SourceTitle "EXT 2018"]
[Source "ChessBase"]
[SourceDate "2017.10.13"]
[SourceVersion "1"]
[SourceVersionDate "2017.10.13"]
[SourceQuality "1"]
[WhiteTeam "Uelzen Post"]
[BlackTeam "Hannover SF"]
[WhiteTeamCountry "GER"]
[BlackTeamCountry "GER"]

1. e4 c5 2. Nf3 Nc6 3. d4 cxd4 4. Nxd4 e5 5. Nb5 a6 6. Nd6+ Bxd6 7. Qxd6 Qf6 8. Qd1 Qg6 9. Nc3 Nf6 10. f3 d5 11. Nxd5 Nxd5 12. Qxd5 0-0 13. Qd2 Rd8 14. Bd3 Be6 15. b3 Rac8 16. 0-0 b5 17. Bb2 f5 18. Rad1 1/2-1/2

[Event "Hannover Region-ch"]
[Site "Hannover"]
[Date "2015.02.14"]
[Round "4"]
[White "Herrmann, Andreas"]
[Black "Liebau, Andreas"]
[Result "1-0"]
[WhiteElo "2099"]
[BlackElo "2157"]
[PlyCount "75"]
[EventDate "2015.01.10"]
[EventType "swiss"]
[EventRounds "7"]
[EventCountry "GER"]
[SourceTitle "EXT 2021"]
[Source "ChessBase"]
[SourceDate "2020.10.23"]
[SourceVersion "1"]
[SourceVersionDate "2020.10.23"]
[SourceQuality "1"]

1. d4 Nf6 2. Nf3 g6 3. c3 Bg7 4. Bg5 0-0 5. Nbd2 d6 6. e3 Nbd7 7. Be2 b6 8. a4 a5 9. 0-0 Bb7 10. b4 h6 11. Bh4 Nd5 12. Qb3 Ra7 13. Rfd1 Qe8 14. Bb5 g5 15. Bg3 e6 16. e4 Nf4 17. Re1 Qe7 18. Bxf4 gxf4 19. e5 dxe5 20. Bxd7 Qxd7 21. Nxe5 Qe7 22. b5 Raa8 23. Qc4 Rac8 24. Nc6 Qd7 25. Nf3 Rfe8 26. Kf1 Bf6 27. Re4 Qd6 28. Rae1 Kg7 29. Nfe5 Bxc6 30. Nxc6 h5 31. Qe2 Rh8 32. Qf3 Rh6 33. Rxf4 Qa3 34. d5 exd5 35. Ne7 Bxe7 36. Rxf7+ Kh8 37. Rexe7 Rg8 38. Qf6+ 1-0

[Event "Hannover Region-ch"]
[Site "Hannover"]
[Date "2015.01.24"]
[Round "2"]
[White "Wendland, Gerd"]
[Black "Liebau, Andreas"]
[Result "0-1"]
[WhiteElo "1682"]
[BlackElo "2157"]
[PlyCount "60"]
[EventDate "2015.01.10"]
[EventType "swiss"]
[EventRounds "7"]
[EventCountry "GER"]
[SourceTitle "EXT 2021"]
[Source "ChessBase"]
[SourceDate "2020.10.23"]
[SourceVersion "1"]
[SourceVersionDate "2020.10.23"]
[SourceQuality "1"]

1. e4 d6 2. d4 Nf6 3. Bd3 e5 4. d5 Be7 5. c4 0-0 6. Nc3 Nbd7 7. Nf3 Nc5 8. h3 Ne8 9. b4 Nxd3+ 10. Qxd3 f5 11. 0-0 a5 12. b5 b6 13. a4 f4 14. Nh2 Bd7 15. Bd2 Rf6 16. f3 Rg6 17. Ng4 h5 18. Nf2 Bh4 19. Ncd1 Bg3 20. Kh1 Qg5 21. Rg1 Nf6 22. Qf1 Kf7 23. Nc3 Rh8 24. Ne2 Qh4 25. Be1 Ke7 26. Rc1 Nh7 27. Nd3 Ng5 28. Nxg3 fxg3 29. f4 Nxh3 30. gxh3 Bxh3 0-1

[Event "Hannover-chC"]
[Site "Lehrte"]
[Date "2014.10.26"]
[Round "3"]
[White "Liebau, Andreas"]
[Black "Hampel, Felix"]
[Result "1/2-1/2"]
[WhiteElo "2165"]
[BlackElo "2157"]
[PlyCount "61"]
[EventDate "2014.10.25"]
[EventType "swiss"]
[EventRounds "7"]
[EventCountry "GER"]
[SourceTitle "EXT 2021"]
[Source "ChessBase"]
[SourceDate "2020.10.23"]
[SourceVersion "1"]
[SourceVersionDate "2020.10.23"]
[SourceQuality "1"]

1. e4 g6 2. d4 Bg7 3. Nf3 d6 4. Bc4 e6 5. 0-0 Ne7 6. Bb3 0-0 7. c3 b6 8. Re1 Bb7 9. Nbd2 Nd7 10. a4 a6 11. Nf1 c5 12. Ng3 Rc8 13. Be3 h6 14. Qd2 Kh7 15. Rad1 c4 16. Bc2 f5 17. exf5 exf5 18. Bf4 Rf6 19. Qe2 Nd5 20. Bd2 Rf8 21. h4 N7f6 22. h5 Nxh5 23. Nxh5 gxh5 24. g3 Qe8 25. Qxe8 Rcxe8 26. Rxe8 Rxe8 27. Bxf5+ Kg8 28. Nh4 Bc6 29. Bc2 Nf6 30. Kf1 Ng4 31. Re1 1/2-1/2

[Event "Hannover-chC"]
[Site "Lehrte"]
[Date "2013.10.18"]
[Round "3"]
[White "Wittur, Helge"]
[Black "Liebau, Andreas"]
[Result "0-1"]
[WhiteElo "1865"]
[BlackElo "2177"]
[PlyCount "72"]
[EventDate "2013.10.17"]
[EventType "swiss"]
[EventRounds "7"]
[EventCountry "GER"]
[SourceTitle "EXT 2021"]
[Source "ChessBase"]
[SourceDate "2020.10.23"]
[SourceVersion "1"]
[SourceVersionDate "2020.10.23"]
[SourceQuality "1"]

1. Nf3 g6 2. d4 Bg7 3. e4 c5 4. c3 cxd4 5. cxd4 d5 6. e5 Bg4 7. Be2 Nc6 8. Nc3 Bxf3 9. Bxf3 e6 10. Be3 Nge7 11. 0-0 Nf5 12. Qd2 0-0 13. Ne2 f6 14. exf6 Qxf6 15. Bg4 Rae8 16. Bxf5 exf5 17. Rfd1 Qd6 18. g3 Rf7 19. h4 Rfe7 20. Nf4 Re4 21. Rac1 Bh6 22. Nxd5 Nxd4 23. Qa5 Bxe3 24. Nxe3 Rxe3 25. Rxd4 Qxd4 26. fxe3 Qxe3+ 27. Kg2 Qxc1 28. Qd5+ Kf8 29. Qd6+ Kf7 30. Qd5+ Kf8 31. Qd6+ Re7 32. Qd8+ Kf7 33. Qd5+ Ke8 34. Qb5+ Kd8 35. Qd5+ Kc7 36. Qa5+ Kc8 0-1

[Event "Hannover-chC"]
[Site "Lehrte"]
[Date "2013.10.17"]
[Round "2"]
[White "Liebau, Andreas"]
[Black "Celik, Abdullah1"]
[Result "1-0"]
[WhiteElo "2177"]
[BlackElo "1959"]
[PlyCount "95"]
[EventDate "2013.10.17"]
[EventType "swiss"]
[EventRounds "7"]
[EventCountry "GER"]
[SourceTitle "EXT 2021"]
[Source "ChessBase"]
[SourceDate "2020.10.23"]
[SourceVersion "1"]
[SourceVersionDate "2020.10.23"]
[SourceQuality "1"]

1. d4 Nf6 2. Nf3 g6 3. Bf4 Bg7 4. e3 d6 5. h3 0-0 6. Be2 c5 7. c3 b6 8. 0-0 Bb7 9. Nbd2 Nbd7 10. Bh2 Qc7 11. a4 a6 12. Re1 Bc6 13. b4 Ne4 14. Nxe4 Bxe4 15. Nd2 Bb7 16. Rc1 a5 17. dxc5 bxc5 18. b5 Bd5 19. Bc4 Qb7 20. e4 Bxc4 21. Nxc4 Rfd8 22. Qd5 Qa7 23. Qg5 Nf8 24. Red1 h5 25. Qe3 Qb7 26. f4 Bh6 27. g4 hxg4 28. hxg4 Qc8 29. g5 Qg4+ 30. Kf2 Bg7 31. Qf3 Qe6 32. Rd5 f6 33. gxf6 Bxf6 34. Rg1 Bg7 35. Qd3 Nd7 36. Rdg5 Nf8 37. f5 Qf6 38. Nb6 Ra7 39. Nd5 Qf7 40. Ke2 e6 41. fxg6 Qe8 42. Ne3 Qe7 43. Rh5 Qf6 44. Ng4 Qe7 45. Bf4 e5 46. Bg5 Qxg5 47. Rxg5 Ne6 48. Qd5 1-0

[Event "Oberliga Nord W 9394"]
[Site "Germany"]
[Date "1994.01.09"]
[Round "3.1"]
[White "Liebau, Andreas"]
[Black "Sawatzki, Frank"]
[Result "1-0"]
[WhiteElo "2220"]
[BlackElo "2240"]
[PlyCount "81"]
[EventDate "1993.10.??"]
[EventType "team-tourn"]
[EventRounds "9"]
[EventCountry "GER"]
[SourceTitle "EXT 2003"]
[Source "ChessBase"]
[SourceDate "2002.11.25"]
[SourceVersion "1"]
[SourceVersionDate "2002.11.25"]
[SourceQuality "1"]
[WhiteTeam "Hannover Post"]
[BlackTeam "Goettingen"]
[WhiteTeamCountry "GER"]
[BlackTeamCountry "GER"]

1. d4 Nf6 2. Nf3 g6 3. Bg5 Bg7 4. Nbd2 c5 5. Bxf6 Bxf6 6. Ne4 Bxd4 7. Nxd4 cxd4 8. Qxd4 0-0 9. Qd2 d5 10. 0-0-0 Qc7 11. Nc3 Be6 12. Nxd5 Bxd5 13. Qxd5 Rc8 14. Rd2 Nc6 15. e3 Nb4 16. Qb3 Qa5 17. Bc4 Rxc4 18. Qxc4 Nxa2+ 19. Kd1 Nc3+ 20. Qxc3 Qa1+ 21. Ke2 Qxh1 22. Qc7 Qxg2 23. Qxe7 Qxh2 24. Qxb7 Rb8 25. Qxa7 Qh5+ 26. Ke1 Qh1+ 27. Ke2 Ra8 28. Qc5 h5 29. Qe5 Qg2 30. Rd4 Qc6 31. c4 Rc8 32. c5 Qb5+ 33. Kf3 Re8 34. Qd5 Qxb2 35. Rf4 Rf8 36. c6 Qb6 37. Rf6 Kg7 38. Rd6 Qb1 39. Kg2 Kg8 40. c7 h4 41. Rd8 1-0

[Event "Wichern op 2nd"]
[Site "Hamburg"]
[Date "1993.??.??"]
[Round "9"]
[White "Mordhorst, Henning"]
[Black "Liebau, Andreas"]
[Result "1/2-1/2"]
[WhiteElo "2310"]
[BlackElo "2220"]
[PlyCount "20"]
[EventDate "1993.10.??"]
[EventType "swiss"]
[EventRounds "9"]
[EventCountry "GER"]
[SourceTitle "EXT 1997"]
[Source "ChessBase"]
[SourceDate "1996.11.15"]
[SourceVersion "1"]
[SourceVersionDate "1996.11.15"]
[SourceQuality "1"]

1. e4 d6 2. d4 Nf6 3. Nc3 e5 4. dxe5 dxe5 5. Qxd8+ Kxd8 6. Bg5 Be6 7. 0-0-0+ Nbd7 8. f4 exf4 9. Nge2 Bd6 10. Nxf4 h6 1/2-1/2

[Event "Wichern op 2nd"]
[Site "Hamburg"]
[Date "1993.??.??"]
[Round "5"]
[White "Schirm, Friedmar"]
[Black "Liebau, Andreas"]
[Result "1-0"]
[WhiteElo "2310"]
[BlackElo "2220"]
[PlyCount "80"]
[EventDate "1993.10.??"]
[EventType "swiss"]
[EventRounds "9"]
[EventCountry "GER"]
[SourceTitle "EXT 1997"]
[Source "ChessBase"]
[SourceDate "1996.11.15"]
[SourceVersion "1"]
[SourceVersionDate "1996.11.15"]
[SourceQuality "1"]

1. Nf3 d6 2. d4 Nf6 3. c4 g6 4. Nc3 Bg7 5. e4 0-0 6. Be2 Bg4 7. Be3 Nc6 8. d5 Bxf3 9. Bxf3 Ne5 10. Be2 Ned7 11. 0-0 c6 12. Rc1 a5 13. dxc6 bxc6 14. f4 Qb8 15. Qd2 Rd8 16. Rfd1 Bf8 17. Bf3 e5 18. f5 a4 19. fxg6 hxg6 20. h4 Be7 21. Rf1 Nf8 22. h5 Ne6 23. Rf2 gxh5 24. Rcf1 Rd7 25. Be2 Qd8 26. Qd1 Nf4 27. Bxf4 exf4 28. Rxf4 Qb6+ 29. Kh1 Qxb2 30. Qd3 Ra5 31. Qg3+ Ng4 32. Bxg4 Rg5 33. Qf3 hxg4 34. Rxg4 Rxg4 35. Qxf7+ Kh8 36. Qh5+ Kg7 37. Qxg4+ Kh6 38. Qe6+ Bf6 39. Rxf6+ Kh5 40. Qf5+ Kh4 1-0

[Event "BL2-Nord 9293"]
[Site "Germany"]
[Date "1992.??.??"]
[Round "?.4"]
[White "Liebau, Andreas"]
[Black "Hedke, Fred"]
[Result "1-0"]
[WhiteElo "2250"]
[BlackElo "2275"]
[PlyCount "85"]
[EventDate "1992.10.??"]
[EventType "team-tourn"]
[EventRounds "9"]
[EventCountry "GER"]
[SourceTitle "GER-chT2"]
[Source "ChessBase"]
[SourceDate "1999.07.01"]
[SourceVersion "1"]
[SourceVersionDate "1999.07.01"]
[SourceQuality "1"]
[WhiteTeam "Hannover Post"]
[BlackTeam "Werder Bremen"]
[WhiteTeamCountry "GER"]
[BlackTeamCountry "GER"]

1. e4 e5 2. Nf3 Nc6 3. d4 exd4 4. c3 dxc3 5. Nxc3 d6 6. Bc4 Be6 7. Bxe6 fxe6 8. Qb3 Qd7 9. Qxb7 Rb8 10. Qa6 Be7 11. 0-0 Nf6 12. Qe2 0-0 13. e5 Ng4 14. exd6 cxd6 15. Re1 e5 16. Nd5 Bd8 17. Be3 Kh8 18. Rac1 Nf6 19. Red1 Nxd5 20. Rxd5 Ne7 21. Rdd1 Ng6 22. b3 Be7 23. Qc4 Rbc8 24. Qd5 Rxc1 25. Rxc1 Rc8 26. Rxc8+ Qxc8 27. g3 a6 28. h4 Qf5 29. Bg5 h6 30. Bxe7 Nxe7 31. Qxd6 Ng6 32. Qd5 Qb1+ 33. Kg2 Qf5 34. Kh2 Kh7 35. a4 a5 36. Kg2 Qg4 37. Kf1 Qf5 38. Ke2 Qc2+ 39. Nd2 Qc3 40. Qe4 h5 41. Qf5 Qc6 42. Qxh5+ Kg8 43. Qf5 1-0